Islamic nationhood and colonial Indonesia : the umma below the winds /

Bibliographic Details
Main Author: Laffan, Michael Francis, 1969-
Format: Book
Language:English
Published: London ; New York : RoutledgeCurzon, 2003.
Series:SOAS/RoutledgeCurzon studies on the Middle East.
Subjects:
Online Access:Publisher description

MARC

Tag First Indicator Second Indicator Subfields
LEADER 00000cam a22000004a 4500
001 in00002435239
005 20151109181658.0
008 020729s2003 enka b 001 0 eng
010 |a  2002068288 
020 |a 0415297575 (hdbk. : alk. paper) 
020 |a 9780415297578 (hdbk. : alk. paper) 
029 1 |a NLGGC  |b 242065198 
029 1 |a IG#  |b 0415297575 
029 1 |a YDXCP  |b 100322762 
029 1 |a NZ1  |b 7093040 
029 1 |a AU@  |b 000023804119 
029 1 |a AU@  |b 000024497221 
035 |a (OCoLC)ocm50294907 
035 |a (OCoLC)50294907 
040 |a DLC  |c DLC  |d YDX  |d NLGGC  |d IG#  |d YDXCP  |d BTCTA  |d BAKER  |d OCLCG  |d UtOrBLW 
042 |a pcc 
043 |a a-io---  |a a-su---  |a f-ua--- 
049 |a TXAM 
050 0 0 |a DS643  |b .L26 2003 
082 0 0 |a 320.54/09598/09045  |2 21 
084 |a 89.22  |2 bcl 
100 1 |a Laffan, Michael Francis,  |d 1969- 
245 1 0 |a Islamic nationhood and colonial Indonesia :  |b the umma below the winds /  |c Michael Francis Laffan. 
264 1 |a London ;  |a New York :  |b RoutledgeCurzon,  |c 2003. 
300 |a xvi, 294 pages :  |b illustrations ;  |c 24 cm. 
336 |a text  |b txt  |2 rdacontent 
337 |a unmediated  |b n  |2 rdamedia 
338 |a volume  |b nc  |2 rdacarrier 
490 1 |a SOAS/RoutledgeCurzon studies on the Middle East 
504 |a Includes bibliographical references (pages 261-281) and index. 
650 0 |a Nationalism  |z Indonesia  |x History. 
650 0 |a Islam and politics  |z Indonesia  |x History. 
650 0 |a Ummah (Islam)  |z Indonesia  |x History. 
650 0 |a Southeast Asians  |z Saudi Arabia  |z Hejaz  |x History. 
650 0 |a Southeast Asians  |z Egypt  |z Cairo  |x History. 
651 0 |a Indonesia  |x Politics and government  |y 1798-1942. 
650 1 7 |a Nationalisme.  |2 gtt 
650 1 7 |a Islam.  |2 gtt 
650 1 7 |a Kolonialisme.  |2 gtt 
830 0 |a SOAS/RoutledgeCurzon studies on the Middle East. 
856 4 2 |3 Publisher description  |u http://www.loc.gov/catdir/enhancements/fy0668/2002068288-d.html  |t 0 
938 |a Ingram  |b INGR  |n 0415297575 
938 |a YBP Library Services  |b YANK  |n 100322762 
938 |a Baker and Taylor  |b BTCP  |n 2002068288 
938 |a Baker & Taylor  |b BKTY  |c 180.00  |d 180.00  |i 0415297575  |n 0004018793  |s active 
948 |a cataloged  |b h  |c 2008/11/17  |d c  |e ceaton  |f 8:49:16 am 
994 |a C0  |b TXA 
999 |a MARS 
999 f f |s 1b085e7e-3752-351c-893c-dfd471467659  |i db63ff2e-b4c4-3604-8681-c2ab36ec259e  |t 0 
952 f f |p ric  |a Texas A&M University  |b Rellis Campus  |c Joint Library Facility  |d Remote Storage  |t 0  |e DS643 .L26 2003  |h Library of Congress classification  |i unmediated -- volume  |m A14837368127 
998 f f |a DS643 .L26 2003  |t 0  |l Remote Storage